000 00570nam a2200193Ia 4500
005 20250326143256.0
008 250326s9999 xx 000 0 und d
020 _a81-297-0494-3
037 _aTextbook
040 _aFMSL
_beng
_cFMSL
041 _aeng
_2eng
084 _aX.1 P4
_qFMSL
100 _aOatley Thomas
_9747748
245 0 _aInternational political economy:Interests and institutions in the global economy
_cOatley Thomas
260 _aDelhi
_bDelhi, Pearson
_c2004
300 _axiv,441
942 _cTB
_hX.1 P4
999 _c1298878
_d1298878